Coping with chronic illness : (Record no. 5950)

MARC details
000 -LEADER
fixed length control field 00671nam a22001937a 4500
003 - CONTROL NUMBER IDENTIFIER
control field OSt
005 - DATE AND TIME OF LATEST TRANSACTION
control field 20251121092312.0
008 - FIXED-LENGTH DATA ELEMENTS--GENERAL INFORMATION
fixed length control field 251121b |||||||| |||| 00| 0 eng d
020 ## - INTERNATIONAL STANDARD BOOK NUMBER
International Standard Book Number 0-8036-6191-6
040 ## - CATALOGING SOURCE
Original cataloging agency DWC-Main lib
Transcribing agency OC
082 ## - DEWEY DECIMAL CLASSIFICATION NUMBER
Classification number Circ. 610.73 M647 1983
100 ## - MAIN ENTRY--PERSONAL NAME
Personal name Miller, J.
245 ## - TITLE STATEMENT
Title Coping with chronic illness :
Remainder of title overcoming powerlessness
Statement of responsibility, etc. Miller, Judith F.
260 ## - PUBLICATION, DISTRIBUTION, ETC.
Place of publication, distribution, etc. s. l. :
Name of publisher, distributor, etc. David Company,
Date of publication, distribution, etc. c1983
300 ## - PHYSICAL DESCRIPTION
Extent xv, 315 pages :
Dimensions 23 cm.
504 ## - BIBLIOGRAPHY, ETC. NOTE
Bibliography, etc. note Includes bibliographical references and index
650 ## - SUBJECT ADDED ENTRY--TOPICAL TERM
Source of heading or term Nursing-psychological aspects
942 ## - ADDED ENTRY ELEMENTS (KOHA)
Source of classification or shelving scheme Dewey Decimal Classification
Koha item type Book Circulation
Classification part Circ. 610.73 M647 1983
Call number prefix Circ.
Suppress in OPAC No
952 ## - LOCATION AND ITEM INFORMATION (KOHA)
--
Holdings
Withdrawn status Lost status Source of classification or shelving scheme Damaged status Not for loan Home library Current library Shelving location Date acquired Source of acquisition Total Checkouts Full call number Barcode Date last seen Copy number Price effective from Koha item type Uniform Resource Identifier
    Dewey Decimal Classification     HM & Nursing Library HM & Nursing Library Circulation 10/11/2005 Donation   Circ. 610.73 M647 1983 HMN42476 11/21/2025 c1 11/21/2025 BK-CIRC